000 00217nam a22001097a 4500
003 OSt
008 231114b |||||||| |||| 00| 0 eng d
041 _amal
100 _aM.R.B.
_94811
245 _aSooyan /
942 _cBK
999 _c17846
_d17846